MARC details
| 000 -CABECERA |
| campo de control de longitud fija |
01984nam a22003254i 4500 |
| 001 - NÚMERO DE CONTROL |
| campo de control |
991061597649506706 |
| 003 - IDENTIFICADOR DEL NÚMERO DE CONTROL |
| campo de control |
ES-BaIT |
| 005 - FECHA Y HORA DE LA ÚLTIMA TRANSACCIÓN |
| campo de control |
20260202080443.0 |
| 008 - DATOS DE LONGITUD FIJA--INFORMACIÓN GENERAL |
| campo de control de longitud fija |
260128t2023 sp a 000 d cat c |
| 017 ## - NÚMERO DE COPYRIGHT O DE DEPÓSITO LEGAL |
| Número de copyright o de depósito legal |
DL PM 00944-2023 |
| Agencia que asigna |
Oficina DL Mallorca |
| 020 ## - NÚMERO INTERNACIONAL ESTÁNDAR DEL LIBRO |
| Número Internacional Estándar del Libro |
9788412689136 |
| 040 ## - FUENTE DE LA CATALOGACIÓN |
| Centro catalogador/agencia de origen |
ES-BaIT |
| Lengua de catalogación |
cat |
| Normas de descripción |
rda |
| Centro/agencia transcriptor |
ES-BaIT |
| 080 ## - NÚMERO DE LA CLASIFICACIÓN DECIMAL UNIVERSAL |
| Número de la Clasificación Decimal Universal |
849.9-2"20" |
| 100 1# - ENTRADA PRINCIPAL--NOMBRE DE PERSONA |
| Nombre de persona |
Casado i Olivas, Jordi, |
| Fechas asociadas al nombre |
1989- |
| Término indicativo de función/relación |
autor |
| 9 (RLIN) |
166072 |
| 245 10 - MENCIÓN DE TÍTULO |
| Título |
Temps mort / |
| Mención de responsabilidad, etc. |
Jordi Casado Olivas |
| 264 #1 - PRODUCCIÓN, PUBLICACIÓN, DISTRIBUCIÓN, FABRICACIÓN Y COPYRIGHT |
| Producción, publicación, distribución, fabricación y copyright |
Mallorca : |
| Nombre del de productor, editor, distribuidor, fabricante |
AdiA Edicions, |
| Fecha de producción, publicación, distribución, fabricación o copyright |
[2023] |
| 264 #4 - PRODUCCIÓN, PUBLICACIÓN, DISTRIBUCIÓN, FABRICACIÓN Y COPYRIGHT |
| Fecha de producción, publicación, distribución, fabricación o copyright |
© 2023 |
| 300 ## - DESCRIPCIÓN FÍSICA |
| Extensión |
81 pàgines ; |
| Dimensiones |
20 cm |
| 336 ## - TIPO DE CONTENIDO |
| Término de tipo de contenido |
text |
| Código de tipo de contenido |
txt |
| Fuente |
rdacontent |
| 337 ## - TIPO DE MEDIO |
| Nombre/término del tipo de medio |
sense mediació |
| Código del tipo de medio |
n |
| Fuente |
rdamedia |
| 338 ## - TIPO DE SOPORTE |
| Nombre/término del tipo de soporte |
volum |
| Código del tipo de soporte |
nc |
| Fuente |
rdacarrier |
| 490 1# - MENCIÓN DE SERIE |
| Mención de serie |
Col·lecció Jàssera ; |
| Designación de volumen o secuencia |
3 |
| 500 ## - NOTA GENERAL |
| Nota general |
P3 |
| 520 ## - SUMARIO, ETC. |
| Sumario, etc. |
"Esperar. Una cosa tan senzilla com esperar. Tan complicada. Esperar una persona, un producte, un resultat, una notícia. Esperar les notes, esperar el bon temps. Esperar el metro. Que un pastís surti del forn. Esperar alguna cosa d’algú. Esperar una trucada. Ens passem la vida esperant. Omplint l’espera. Intentant escurçar-la, o eliminar-la, o passa-la de llarg. Hi ha alguna cosa que ens empeny a desfer-nos de l’espera. A desesperar. A ser impacients. A tractar el temps mort com si fos la mort del temps.Però què passaria si deixéssim de desestimar aquest «temps mort», ni que fos per uns moments? Què passaria si miréssim aquesta espera una mica més de prop? Què passaria si apartéssim uns moments la mirada de la impaciència, de la desesperació, i poguéssim esperar sense sentir-nos culpables, o inservibles, o inútils?Temps mort és un joc. Una peça per passar l’estona. Per jugar a esperar en un món que desespera. Una peça que vol trobar la vida que s’amaga darrere de la mort del temps." -- Contracoberta |
| 586 ## - NOTA DE PREMIOS |
| Nota de premios |
II Premi de Teatre Vila de Santanyí |
| 830 ## - PUNTO DE ACCESO ADICIONAL DE SERIE-TÍTULO UNIFORME |
| Título uniforme |
Col·lecció Jàssera |
| Designación de volumen o secuencia |
3 |
| 9 (RLIN) |
168250 |
| 908 ## - COLOCAR PARÁMETRO DE COMANDO (RLIN) |
| Colocar parámetro de comando |
CDMAE |
| 940 ## - EQUIVALENCIA O REFERENCIA-CRUZADA--TÍTULO UNIFORME [OBSOLETO] [solamente CAN/MARC] |
| Título uniforme |
<a href="CVA38">CVA38</a> |
| 942 ## - ELEMENTOS DE ENTRADA AGREGADA (KOHA) |
| Fuente del sistema de clasificación o colocación |
Clasificación decimal universal |
| Tipo de ítem Koha |
Llibre |